Statistics for Guess the Noah Kahan Song with No Hints

Click here to take the quiz!

General Stats

  • This quiz has been taken 80 times
    (78 since last reset)
  • The average score is 100 of 182

Answer Stats

Lyrics% Correct
I
96%
a
92%
the
90%
you
86%
we
77%
We
77%
and
75%
it
73%
love
73%
me
73%
your
72%
my
69%
to
69%
in
65%
have
62%
all
61%
is
59%
on
59%
For
58%
for
58%
I'm
58%
No
58%
were
58%
as
56%
that
56%
but
55%
But
55%
If
55%
ever
54%
see
54%
time
54%
was
54%
like
52%
every
51%
are
49%
say
49%
with
49%
don't
48%
I'll
48%
would
48%
could
45%
never
45%
thing
45%
know
44%
said
44%
back
42%
wine
42%
him
41%
word
41%
Strawberry
39%
used
39%
Light
38%
park
38%
things
38%
you've
38%
darling
37%
Darling
37%
makes
37%
man
37%
over
37%
thought
37%
fit
35%
soft
35%
song
35%
stranger
35%
Those
35%
empty
34%
few
34%
formless
34%
heard
34%
little
34%
moments
34%
sentimental
34%
shape
34%
space
34%
speak
34%
we'd
34%
burns
32%
coming
32%
head
32%
lose
32%
miss
32%
Remember
32%
road
32%
watch
32%
bones
31%
cigarette
31%
defines
31%
plywood
31%
run
31%
straight
31%
cursed
30%
dirt
30%
shoulder
30%
telling
30%
buried
28%
asleep
27%
fast
27%
leaves
27%
runways
21%

Score Distribution

Percentile by Number Answered

Percent of People with Each Score

Your Score History

You have not taken this quiz since the last reset